LEADER 03345cas a2200637 a 4500
001 c000181016
003 CARM
005 20210617134358.0
008 830413c19839999dcuqr1p 0 a0eng d
010 |a 84642128 
010 |z sc 83007390 
019 1 |a 2885203  |5 LACONCORD2021 
022 |a 0741-7136 
022 |y 0001-8481 
032 |a 006260  |b USPS 
035 |a (OCoLC)9406042  |5 LACONCORD2021 
040 |a MsSM  |b eng  |c MsSM  |d CLU  |d MH  |d TxU  |d DLC  |d NST  |d NSDP  |d AIP  |d DLC  |d NSDP  |d NST  |d AIP  |d DLC  |d AIP  |d NST  |d InU  |d NST  |d AIP  |d NST  |d DNAL  |d NST  |d EbpS  |d DNAL  |d NST  |d DNAL  |d NSDP  |d NST  |d NSDP  |d OCoLC  |d LC 
042 |a lc  |a nsdp 
043 |a n-us--- 
050 0 0 |a LC5201  |b .A33 
070 0 |a LC5201.A38 
072 0 |a U500 
082 0 4 |a 374 
082 0 4 |a 374/.973  |2 19 
082 0 4 |a 374/.973  |2 19 
130 0 |a Adult education quarterly (American Association for Adult and Continuing Education) 
210 0 |a Adult educ. q.  |b (Am. Assoc. Adult Contin. Educ.) 
222 0 |a Adult education quarterly  |b (American Association for Adult and Continuing Education) 
245 0 0 |a Adult education quarterly. 
260 |a [Washington, D.C. :  |b American Association for Adult and Continuing Education,  |c 1983-. 
300 |a v. ;  |c 23 cm. 
310 |a Quarterly 
362 0 |a Vol. 33, no. 3 (spring 1983)- 
500 |a Title from cover. 
505 0 |a Contains book reviews. 
510 1 |a Current index to journals in education  |x 0011-3565 
510 1 |a Education index  |x 0013-1385 
510 2 |a Bibliography of agriculture  |x 0006-1530 
510 2 |a Book review index  |x 0524-0581 
510 2 |a Psychological abstracts  |x 0033-2887  |b 1983- 
530 |a Also available via World Wide Web;  |b OCLC FirstSearch Electronic Collections Online;  |c Subscription required for access to abstracts and full text. 
650 0 |a Adult education  |v Periodicals. 
650 0 |a Adult education  |z United States  |v Periodicals. 
710 2 |a American Association for Adult and Continuing Education. 
776 1 |t Adult education quarterly (American Association for Adult and Continuing Education : Online : OCLC)  |w (OCoLC)41216281 
780 0 0 |t Adult education  |x 0001-8481  |w (DLC) 55020548  |w (OCoLC)1461118 
856 4 |u http://firstsearch.oclc.org  |z Address for accessing the journal using authorization number and password through OCLC FirstSearch Electronic Collections Online. Subscription to online journal required for access to abstracts and full text 
856 4 |u http://firstsearch.oclc.org/journal=0741-7136;screen=info;ECOIP  |z Address for accessing the journal from an authorized IP address through OCLC FirstSearch Electronic Collections Online. Subscription to online journal required for access to abstracts and full text 
856 4 1 |u http://aeq.sagepub.com 
852 8 |b CARM  |h A2:AK10B0  |i B05399  |p 0248194  |f SE 
852 8 |b CARM  |h A2:AK19C0  |i C06371  |p 0248252  |f SE 
866 0 |a 33:4(1983:sum)-41:2(1991:win)Inc 
866 0 |a 33:4(1983:sum)-41:2(1991:win)Inc 
999 f f |i d4403946-7e4e-5c5e-9905-e5352644af36  |s f09237c4-bcd8-525a-98a9-765040241ecf 
952 f f |p Can circulate  |a CAVAL  |b CAVAL  |c CAVAL  |d CARM 1 Store  |e B05399  |f A2:AK10B0  |h Other scheme  |i book  |k 33:4(1983:sum)-34:3(1984:spr.);35:2(1984:win)-36:1(1985:fall)  |m 0248194 
952 f f |p Can circulate  |a CAVAL  |b CAVAL  |c CAVAL  |d CARM 1 Store  |e C06371  |f A2:AK19C0  |h Other scheme  |i book  |k 38:4(1988:sum)-41:2((1991:win)  |m 0248252